000 00483nam a22002177a 4500
020 _a0975-2250
082 _a001
_bMAN/M
100 _aMANORAMA
245 _aMANORAMA YEAR BOOK
246 _aYear book 2005
246 _aYear book 2007
246 _aYear book 2009
246 _aYear book 2010
246 _aYear book 2011
246 _aYear book 2012
260 _aKOTTAYAM
_bMALAYALA MANORAMA
300 _a1038
520 _aYEAR BOOKS
650 _aG.K
942 _cBK
999 _c6757
_d6757